000 00518nam a22001817a 4500
005 20251108164226.0
008 250721s1986 xx 000 0 ara d
082 1 4 _a618.2/محم
100 1 _aرفعت، محمد
245 1 0 _aالإنجاب سلامة و سهولة /
264 1 _aبيروت :
_bمؤسسة عزالدين للطباعة،
_c1986.
300 _a156ص
490 0 _aموسوعة طبيب العائلة
650 1 7 _aالولادة
650 1 7 _aالحمل
942 _2ddc
_cBK
999 _c6852
_d6852